Statistics for United States Demonyms

Click here to take the quiz!

General Stats

  • This quiz has been taken 24 times
  • The average score is 29 of 50

Answer Stats

HintAnswer% Correct
AlaskaAlaskan
95%
CaliforniaCalifornian
95%
AlabamaAlabamian
85%
GeorgiaGeorgian
85%
HawaiiHawaiian
85%
ArizonaArizonan
80%
MontanaMontanan
80%
NebraskaNebraskan
80%
OklahomaOklahoman
80%
VirginiaVirginian
80%
FloridaFloridian
75%
IowaIowan
75%
NevadaNevadan
75%
New YorkNew Yorker
75%
TexasTexan
75%
IndianaHoosier
70%
IdahoIdahoan
70%
MississippiMississippian
70%
MissouriMissourian
70%
New MexicoNew Mexican
70%
ColoradoColoradan
65%
KentuckyKentuckian
65%
MinnesotaMinnesotan
65%
OhioOhioan
65%
Rhode IslandRhode Islander
65%
South DakotaSouth Dakotan
65%
ArkansasArkansan
60%
KansasKansan
60%
PennsylvaniaPennsylvanian
60%
West VirginiaWest Virginian
60%
North CarolinaNorth Carolinian
55%
North DakotaNorth Dakotan
55%
OregonOregonian
55%
WashingtonWashingtonian
55%
MarylandMarylander
50%
South CarolinaSouth Carolinian
50%
DelawareDelawarean
45%
VermontVermonter
45%
IllinoisIllinoisan
40%
MaineMainer
40%
WisconsonWisconsinite
40%
LouisianaLouisianian
30%
MichiganMichigander
30%
TennesseeTennessean
30%
New JerseyNew Jerseyan
25%
UtahUtahn
25%
ConnecticutConnecticuter
20%
New HampshireNew Hampshirite
20%
MassachusettsMassachusettsan
10%
WyomingWyomingite
10%

Score Distribution

Percentile by Number Answered

Percent of People with Each Score

Your Score History

You have not taken this quiz